| 000 | 00351nam a2200145Ia 4500 | ||
|---|---|---|---|
| 008 | 191201s2005 xx 000 0 und d | ||
| 082 |
_a629.2 _bNAB |
||
| 100 | _aNAKRA, C P | ||
| 245 | 0 | _aBasic Automobile Engineering | |
| 250 | _a7th | ||
| 260 |
_aN.Delhi _bDhanpat Rai Pub (P) Ltd _c2005 |
||
| 300 | _a607 | ||
| 650 | _aB.Tech(ME) | ||
| 942 |
_2ddc _cBK |
||
| 999 |
_c1313 _d1313 |
||